| 000 | 02357nam a2200385 4500 | ||
|---|---|---|---|
| 003 | EC-UNACH | ||
| 005 | 20250515110509.0 | ||
| 006 | s||||gr|||| 00| 00 | ||
| 008 | 150116t9999 mx r gr 000 0 spa d | ||
| 020 | _a9789942963536 | ||
| 040 |
_aEC-UNACH _cEC-UNACH |
||
| 041 | _aspa | ||
| 082 | 0 | 4 |
_223 _a300 _bL017756 |
| 110 | _aCentro Andino de Acción Popular (CAAP) | ||
| 245 | _aEcuador Debate N°109. Protesta social y desgaste de la democracia liberal | ||
| 250 | _aPrimera edición | ||
| 264 |
_aQuito – Ecuador _bCAAP _c2020 |
||
| 300 |
_a218 páginas _bTablas _c14,5 X 21 cm |
||
| 505 | _aCOYUNTURA.- De la pandemia sanitaria al pandemonio económico. -- La economía ecuatoriana, confronta diversas presiones contractivas. -- Conflictividad socio-política: Noviembre/2019-Febrero/2020. -- TEMA CENTRAL.- El retroceso de la democracia: la experiencia ecuatoriana. -- El estallido social chileno: ¿crisis de un modelo neoliberal o crisis de la ideología del crecimiento? . -- La democracia colombiana en tiempos de movilización social ¿Manifestaciones de una crisis orgánica? . -- Excepción y contrarrevolución global. -- Democracias por venir y mundos por construir en el escenario posconflicto colombiano. -- Estallido social, crisis política y solución constitucional en Chile. Lecciones a partir de los acontecimientos del 18 de octubre de 2019. -- DEBATE AGRARIO -RURAL.- La plasticidad de las estructuras comunitarias en los procesos de transformación del Ecuador rural. -- ANÁLISIS.- A propósito del tema: Estado y Nación en los pueblos amerindios. -- Maternalismo y política: Cynthia Viteri ¿"el hombre" o "la madre" de los ecuatorianos? -- RESEÑAS.- Moral y orden. La delincuencia y el castigo en los inicios de la modernidad en Ecuador. La construcción imaginaria del Sur de Quito. | ||
| 650 | _aECONOMÍA ECUATORIANA | ||
| 650 | _aLA DEMOCRACIA COLOMBIANA | ||
| 650 | _aIDEOLOGÍA DEL CRECIMIENTO | ||
| 650 | _aMODELO NEOLIBERAL | ||
| 700 | _aAcosta, Alberto | ||
| 700 | _aSalgado Tamayo, Wilma | ||
| 700 | _aAndrade, Pablo | ||
| 700 | _aGarcés, Marina | ||
| 700 | _aFauroux, Emmanuel | ||
| 942 |
_2ddc _c1 |
||
| 999 | _c13544 | ||